000 01190nam a2200241Ia 4500
003 Ost
005 20260507075323.0
008 260507s9999||||xx |||||||||||||| ||und||
020 _a9789957123048
040 _cfsecg
041 _aara
082 _a363.73
100 _aحسين، عادل الشيخ
_eمؤلف
245 0 _aالبيئة :
_bمشكلات و حلول /
_c عادل الشيخ حسين
260 _aعمان:
_bدار اليازوري للنشر والتوزيع,
_c2009
300 _a207 صفحة؛
_bإيضاحات ؛
_c25 سم
504 _aببليوغرافيا: ص.199-202
520 _aالاسلام وعلم البيئة ، مقدمة في علم البيئة ، البيئة ــ أنظمتها و أساسياتها ، التنوع الحيوي ، مشكلات التصحر و أسبابه ، التلوث الهوائي و أثره على البيئة ، بعض الملوثات التي تدملر الغلاف الجوي ، من أهم مشكلات البيئة ، نماذج من جحيم البيئة ، التلوث المائي
653 _aالبيئة
653 _aالتلوث
653 _aمشكلات -البيئة
942 _cكتاب
999 _c43941
_d43941